| 000 -NÁVESTIE |
| fixed length control field |
00783nam a2200217 a 4500 |
| 008 - ÚDAJE S PEVNOU DĹŽKOU – VŠEOBECNÉ INFORMÁCIE |
| fixed length control field |
960406s1982||||[C 0 hun c |
| 040 ## - ZDROJ KATALOGIZÁCIE |
| Pôvodná katalogizujúca agentúra |
SNK |
| Jazyk katalogizácie |
slo |
| Prepisujúca agentúra |
SNK |
| Konvencie popisu |
AACR2 |
| 041 1# - KÓD JAZYKA |
| Kód jazyka textu/zvukovej stopy alebo samostatných nápisov |
slo |
| 044 ## - KÓD KRAJINY VYDAVATEĽA/PRODUCENTA |
| Kód krajiny MARC |
xo |
| Kód krajiny ISO |
SK |
| 080 ## - ČÍSLO MEDZINÁRODNÉHO DESATINNÉHO TRIEDENIA (MDT) |
| Číslo Medzinárodného desatinného triedenia (MDT) |
943.711.7"1939/1945"(084.12)=945.1 |
| 020 ## - MEDZINÁRODNÉ ŠTANDARDNÉ ČÍSLO KNIHY (ISBN) |
| Údaje o dostupnosti |
10 |
| 100 1# - OSOBNÉ MENÁ – VŠEOBECNÉ INFORMÁCIE |
| Osobné meno |
Železný, František |
| Kód roly |
aut |
| 245 10 - NÁZOV |
| Názov |
Lidice varujú |
| Údaj o zodpovednosti atď. |
František Železný ; Edit Kun |
| 250 ## - ÚDAJ O PORADÍ VYDANIA |
| Údaj o poradí vydania |
1., vyd. |
| 260 ## - VYDAVATEĽSKÉ ÚDAJE, DISTRIBÚCIA ATĎ. |
| Miesto publikovania, distribúcie atď. |
Bratislava |
| Názov vydavateľa, distibútora atď. |
Mladé letá [vyd.] |
| Dátum publikovania, distribúcie atď. |
1982 |
| Miesto výroby |
Brno |
| Výrobca |
Tisk |
| 300 ## - FYZICKÝ POPIS |
| Rozsah |
40 s. |
| Rozmery |
24 cm. |
| 500 ## - VŠEOBECNÁ POZNÁMKA |
| Formátovaná poznámka o obsahu |
Fotosúbor. Text maď. 8 s. textu a 32 fot. v prebale. Spoluvyd.: Albatros v Prahe. Báseň od Fraňa Šrámka: I do tých Lidíc. |
| 500 ## - VŠEOBECNÁ POZNÁMKA |
| Formátovaná poznámka o obsahu |
Obr. časť zost. a texty nap. František Železný. Z čes. orig. prel. Kun Edit. |
| 700 1# - PRIDANÝ VSTUP – OSOBNÉ MENO |
| Osobné meno |
Kun, Edit |
| Kód roly |
oth |
| 958 ## - Formálny deskriptor |
| Formálny deskriptor |
EFO |